[Event "Ulm2007"]
[Site "Privat"]
[Date "2007.10.05"]
[Round "2"]
[White "Heinrich, Klaus"]
[Black "Schulze, Andreas"]
[Result "1/2-1/2"]
[WhiteElo "1806"]
[BlackElo "2146"]
[Annotator "Goda,Frederic"]
[PlyCount "114"]
[EventDate "2007.??.??"]

{384MB, Fritz8.ctg, SCHACHCOMP} 1. f4 d5 2. Nf3 g6 3. e3 Bg7 4. d4 Nf6 5. Bd3
O-O 6. Nbd2 c5 7. c3 cxd4 8. cxd4 Nc6 9. O-O b6 10. b3 Nb4 11. Bb1 Ba6 12. Re1
Rc8 13. Ne5 Nd7 14. Ndf3 Nc6 15. Bd3 Bxd3 16. Nxd3 Nf6 17. Ba3 Qd7 18. Nf2 Ne4
19. Qd3 Nd6 20. h3 Rfd8 21. Bxd6 Qxd6 22. f5 Nb4 23. Qe2 Nc2 24. fxg6 Qxg6 25.
Nh4 Qg5 26. Nf3 Qg3 27. Nh1 Qg6 28. Qa6 Nxa1 29. Rxa1 Bh6 30. Re1 Rc1 31. Qe2
Rxe1+ 32. Qxe1 f6 33. Ng3 Qd3 34. Nf1 Rc8 35. Qg3+ Qg6 36. Qf2 Rc2 37. N3d2 e6
38. g4 Bf8 39. Qf4 h5 40. Kf2 hxg4 41. hxg4 Qd3 42. Kf3 Rxd2 43. Nxd2 Qxd2 44.
Qxf6 Qd1+ 45. Kf2 Qc2+ 46. Kf1 Qe4 47. Qg5+ Kf7 48. Ke2 Be7 49. Qh5+ Qg6 50.
Qh3 Bd6 51. Kf3 Ke7 52. Ke2 Kd7 53. Kf3 Qb1 54. a4 Qxb3 55. Qh7+ Kc6 56. g5
Qd1+ 57. Kf2 Qg4 1/2-1/2

[Event "Ulm2007"]
[Site "Privat"]
[Date "2007.10.05"]
[Round "2"]
[White "Lainburg, Viktor"]
[Black "Zierke, Markus"]
[Result "1-0"]
[WhiteElo "2010"]
[BlackElo "1763"]
[Annotator "Goda,Frederic"]
[PlyCount "43"]
[EventDate "2007.??.??"]

{384MB, Fritz8.ctg, SCHACHCOMP} 1. d4 Nf6 2. Bg5 c5 3. Nc3 cxd4 4. Qxd4 Nc6 5.
Qh4 h6 6. Bxf6 gxf6 7. e4 e6 8. f4 Be7 9. Qf2 Qa5 10. Bd3 Bc5 11. Qh4 Be7 12.
Qg3 Kf8 13. Nf3 Bb4 14. O-O Qh5 15. Ne2 Bc5+ 16. Kh1 Rg8 17. Qh4 Qg6 18. Ng3
Be7 19. f5 Qg7 20. Rf2 Ne5 21. Nxe5 fxe5 22. f6 1-0

[Event "Ulm2007"]
[Site "Privat"]
[Date "2007.10.05"]
[Round "2"]
[White "Gebhardt, Uwe"]
[Black "Jahn, Manfred"]
[Result "1-0"]
[WhiteElo "1995"]
[BlackElo "1682"]
[Annotator "Goda,Frederic"]
[PlyCount "77"]
[EventDate "2007.??.??"]

{384MB, Fritz8.ctg, SCHACHCOMP} 1. d4 d5 2. c4 c6 3. Nc3 dxc4 4. a4 e5 5. e3
exd4 6. exd4 Be6 7. Nf3 Bd6 8. Bg5 Qa5 9. Be2 Bd5 10. Qc1 h6 11. Qe3+ Ne7 12.
Bh4 b5 13. O-O b4 14. Ne4 Bxe4 15. Qxe4 Qd5 16. Qc2 O-O 17. Bxc4 Qf5 18. Bd3
Qc8 19. Rfe1 Nd5 20. Rac1 a5 21. Ne5 Bxe5 22. dxe5 Qg4 23. Bg3 Ne7 24. h3 Qd4
25. Re4 Qb6 26. Rg4 Nd7 27. Bf4 f5 28. Rg3 c5 29. e6 Nf6 30. Bxh6 Nh5 31. Rg5
Kh7 32. Rxh5 gxh6 33. Bxf5+ Kg7 34. Qe4 Rxf5 35. Rxf5 Nxf5 36. Qxf5 Rf8 37.
Qe5+ Kh7 38. Rxc5 Qd8 39. Rc7+ 1-0

[Event "Ulm2007"]
[Site "Privat"]
[Date "2007.10.05"]
[Round "2"]
[White "Kühn, Bernd"]
[Black "Wolf, Rainer"]
[Result "0-1"]
[WhiteElo "1634"]
[BlackElo "1989"]
[Annotator "Goda,Frederic"]
[PlyCount "92"]
[EventDate "2007.??.??"]

{384MB, Fritz8.ctg, SCHACHCOMP} 1. Nf3 d5 2. g3 Nf6 3. Bg2 g6 4. O-O Bg7 5. d3
O-O 6. Nbd2 c5 7. e4 e6 8. Re1 Nc6 9. c3 Qc7 10. Nf1 dxe4 11. dxe4 b6 12. e5
Nd7 13. Bf4 Bb7 14. Qe2 Ne7 15. c4 Rad8 16. h4 Nf5 17. N1h2 h5 18. Rad1 Nb8 19.
Bh3 Nd4 20. Nxd4 Rxd4 21. Rxd4 cxd4 22. Bg2 Bxg2 23. Kxg2 Rd8 24. Qd3 Na6 25.
b3 Nc5 26. Qd2 a5 27. g4 Qc6+ 28. f3 f5 29. gxh5 gxh5 30. Bh6 Rd7 31. Kh1 Kh7
32. Bxg7 Rxg7 33. Rg1 Rxg1+ 34. Kxg1 d3 35. Qg5 Qe8 36. Kf2 Nd7 37. Qe3 Qe7 38.
Kg3 Qg7+ 39. Kf2 Qxe5 40. f4 Qb2+ 41. Kg3 d2 42. Qd3 Nc5 43. Qd8 Ne4+ 44. Kf3
Qg7 45. Ke3 Qg3+ 46. Nf3 Qf2+ 0-1

[Event "Ulm2007"]
[Site "Privat"]
[Date "2007.10.05"]
[Round "2"]
[White "Sander, Luzia"]
[Black "von Schwerin, Reinhold"]
[Result "1-0"]
[WhiteElo "1908"]
[BlackElo "1331"]
[Annotator "Goda,Frederic"]
[PlyCount "95"]
[EventDate "2007.??.??"]

{384MB, Fritz8.ctg, SCHACHCOMP} 1. d4 b5 2. Nf3 Bb7 3. Bf4 Nf6 4. e3 a6 5. Nbd2
e6 6. c4 bxc4 7. Bxc4 Be7 8. Rc1 O-O 9. O-O Ne4 10. Bxc7 Qxc7 11. Bd3 Qa5 12.
Nxe4 Qxa2 13. Bc4 Qa5 14. Ng3 Bxf3 15. Qxf3 Nc6 16. Bd3 f5 17. Nh5 g6 18. Nf4
e5 19. Bc4+ Kg7 20. Nd5 Bd6 21. Ra1 Qd2 22. Nb6 e4 23. Qe2 Qxe2 24. Bxe2 Ra7
25. Bxa6 Nb4 26. Bc4 Rb7 27. Na4 Be7 28. Nc3 Rfb8 29. b3 Nd3 30. Nd5 Bg5 31.
Ra5 Nb2 32. g3 Bd8 33. Ra2 Nd3 34. Rfa1 h5 35. Ra8 Bg5 36. h4 Bf6 37. R8a6 Bd8
38. Rd6 g5 39. hxg5 Bxg5 40. Raa6 Ne1 41. Be2 Kf8 42. Bxh5 Rxb3 43. Rxd7 Nf3+
44. Bxf3 exf3 45. Raa7 Ke8 46. Rh7 Rb1+ 47. Kh2 Be7 48. Raxe7+ 1-0

[Event "Ulm2007"]
[Site "Privat"]
[Date "2007.10.05"]
[Round "2"]
[White "Gallwitz, Helge"]
[Black "von Schwerin, Clemens"]
[Result "1-0"]
[WhiteElo "2070"]
[BlackElo "1581"]
[Annotator "Goda,Frederic"]
[PlyCount "45"]
[EventDate "2007.??.??"]

{384MB, Fritz8.ctg, SCHACHCOMP} 1. e4 c6 2. d4 d5 3. Nd2 dxe4 4. Nxe4 Nd7 5.
Ng5 Ngf6 6. Bd3 e6 7. Qe2 c5 8. N1f3 h6 9. Nxe6 fxe6 10. Bg6+ Ke7 11. O-O Qb6
12. dxc5 Nxc5 13. Be3 Nd5 14. Bd4 Kd8 15. c4 Nf4 16. Qd2 Bd6 17. b4 Qc6 18.
Bxc5 Nxg6 19. Bxd6 Bd7 20. Qd3 Ne7 21. Rfd1 Nf5 22. Ne5 Qxd6 23. Nf7+ 1-0

[Event "Ulm2007"]
[Site "Privat"]
[Date "2007.10.05"]
[Round "2"]
[White "Krauß, Rainer"]
[Black "Over, Klaus"]
[Result "0-1"]
[WhiteElo "1708"]
[BlackElo "2000"]
[Annotator "Goda,Frederic"]
[PlyCount "82"]
[EventDate "2007.??.??"]

{384MB, Fritz8.ctg, SCHACHCOMP} 1. e4 c6 2. d4 d5 3. e5 Bf5 4. Bd3 Bg6 5. Nf3
e6 6. O-O c5 7. c3 Nc6 8. b3 Qb6 9. dxc5 Bxc5 10. b4 Bf8 11. Re1 Nge7 12. b5
Na5 13. Be3 Qc7 14. Bd4 Rc8 15. Qe2 Nf5 16. Nbd2 Ba3 17. Rab1 b6 18. h3 O-O 19.
Nb3 Nc4 20. Na1 Qd7 21. Rb3 Be7 22. Nc2 Rc7 23. a4 Rfc8 24. Bxf5 Bxf5 25. Ne3
Be4 26. Nxc4 Rxc4 27. Ra1 Bc5 28. Nd2 Bc2 29. Nxc4 Bxb3 30. Nd2 Bc2 31. Nf3 Be4
32. Nd2 Bg6 33. Nb3 Bxd4 34. cxd4 Rc3 35. Qb2 Qc7 36. a5 h6 37. axb6 axb6 38.
Rc1 Rc2 39. Qa1 Kh7 40. Rd1 Qc4 41. Nd2 Qe2 0-1

[Event "Ulm2007"]
[Site "Privat"]
[Date "2007.10.05"]
[Round "2"]
[White "Zahn, Achim"]
[Black "Locher, Klaus"]
[Result "0-1"]
[WhiteElo "1488"]
[BlackElo "1816"]
[Annotator "Goda,Frederic"]
[PlyCount "92"]
[EventDate "2007.??.??"]

{384MB, Fritz8.ctg, SCHACHCOMP} 1. e4 c5 2. d4 cxd4 3. c3 dxc3 4. Nxc3 e6 5.
Bc4 d6 6. Nf3 Nf6 7. Bg5 Be7 8. Qe2 Nc6 9. O-O O-O 10. Rfd1 e5 11. Nb5 Ne8 12.
Bxe7 Qxe7 13. Qd3 Bg4 14. h3 Bxf3 15. Qxf3 a6 16. Nc3 Nd4 17. Qd3 Nf6 18. Ne2
Nxe2+ 19. Qxe2 Rfd8 20. Rd2 Rac8 21. Bd5 Nxd5 22. Rxd5 Rc5 23. Rd2 d5 24. Qd3
d4 25. Rc2 Rdc8 26. Rac1 Rxc2 27. Rxc2 Rxc2 28. Qxc2 Qd7 29. f3 Qc6 30. Qd2 Qc5
31. Kh2 b6 32. Qd3 b5 33. Qd2 b4 34. Qd3 a5 35. Kg3 g6 36. Qb3 Kg7 37. Qd3 a4
38. Kf2 Qc1 39. b3 Qb2+ 40. Qe2 a3 41. Ke1 Qb1+ 42. Kf2 d3 43. Qd2 Qa1 44. Qxb4
Qxa2+ 45. Kg3 d2 46. Qd6 Qb2 0-1

[Event "Ulm2007"]
[Site "Privat"]
[Date "2007.10.05"]
[Round "2"]
[White "Lepschi, Albert"]
[Black "Kelemen, Norbert"]
[Result "1-0"]
[WhiteElo "1713"]
[BlackElo "1542"]
[Annotator "Goda,Frederic"]
[PlyCount "79"]
[EventDate "2007.??.??"]

{384MB, Fritz8.ctg, SCHACHCOMP} 1. d4 Nf6 2. c4 e6 3. a3 d5 4. Nc3 c5 5. Bg5
cxd4 6. Qxd4 Be7 7. Nf3 Nc6 8. Qd1 b6 9. cxd5 Nxd5 10. Bxe7 Ncxe7 11. Nxd5 Qxd5
12. Qxd5 Nxd5 13. e4 Nf6 14. e5 Nd5 15. Bb5+ Bd7 16. Bxd7+ Kxd7 17. O-O Rac8
18. Rac1 Nf4 19. Rfd1+ Ke7 20. Kf1 Rxc1 21. Rxc1 Rd8 22. g3 Nd3 23. Rc2 Rd5 24.
Rd2 Nc5 25. Rxd5 exd5 26. Nd4 Kd7 27. Ke2 Ne6 28. Kd3 Nxd4 29. Kxd4 Ke6 30. f4
f6 31. g4 fxe5+ 32. fxe5 g5 33. a4 a6 34. b4 b5 35. a5 h6 36. h3 Ke7 37. Kxd5
Kf7 38. e6+ Ke7 39. Ke5 Ke8 40. Kf6 1-0

[Event "Ulm2007"]
[Site "Privat"]
[Date "2007.10.05"]
[Round "2"]
[White "Kinzig, Lars"]
[Black "Haitov, Haim"]
[Result "1-0"]
[WhiteElo "1789"]
[BlackElo "1430"]
[Annotator "Goda,Frederic"]
[PlyCount "75"]
[EventDate "2007.??.??"]

{384MB, Fritz8.ctg, SCHACHCOMP} 1. c4 Nf6 2. Nc3 e6 3. e4 Nc6 4. Nf3 d6 5. d4
Be7 6. Be2 O-O 7. O-O b6 8. a3 a5 9. b3 Bb7 10. Bb2 Nb8 11. Qc2 Nbd7 12. Rad1
c5 13. d5 e5 14. h3 Ne8 15. Bd3 g6 16. Bc1 Ng7 17. Nh2 f5 18. f4 Bc8 19. Be3
Rf7 20. Rf3 Qf8 21. Rdf1 Nh5 22. exf5 gxf5 23. Bxf5 Bh4 24. Be6 Ndf6 25. Bxf7+
Qxf7 26. fxe5 dxe5 27. Ne4 Qg7 28. Nxf6+ Nxf6 29. Bf2 e4 30. Rc3 Bxf2+ 31. Rxf2
Bd7 32. Nf1 Re8 33. Rg3 Bg4 34. Ne3 h5 35. hxg4 hxg4 36. Qe2 Kf7 37. Rxg4 Qh7
38. Rgf4 1-0

[Event "Ulm2007"]
[Site "Privat"]
[Date "2007.10.05"]
[Round "2"]
[White "Andritzke, Karl-Heinz"]
[Black "Rix, Michael"]
[Result "0-1"]
[WhiteElo "1405"]
[BlackElo "1617"]
[Annotator "Goda,Frederic"]
[PlyCount "40"]
[EventDate "2007.??.??"]

{384MB, Fritz8.ctg, SCHACHCOMP} 1. f4 d5 2. Nf3 Nf6 3. e3 Bf5 4. b3 h6 5. Bb2
e6 6. Be2 Be7 7. O-O Nbd7 8. Bb5 O-O 9. Bxd7 Nxd7 10. Ne5 Bf6 11. d4 c5 12. Ba3
Rc8 13. Nxd7 Qxd7 14. Bxc5 Rxc5 15. Nd2 Rxc2 16. Nf3 Rfc8 17. Rf2 Rxf2 18. Kxf2
Rc2+ 19. Nd2 Qc6 20. h3 Qc3 0-1

[Event "Ulm2007"]
[Site "Privat"]
[Date "2007.10.05"]
[Round "2"]
[White "Schmidt, Waldemar"]
[Black "Sauter, Berthold"]
[Result "1-0"]
[WhiteElo "1603"]
[BlackElo "1380"]
[Annotator "Goda,Frederic"]
[PlyCount "60"]
[EventDate "2007.??.??"]

{384MB, Fritz8.ctg, SCHACHCOMP} 1. d4 c6 2. Bf4 d5 3. Nf3 Nf6 4. h3 Bf5 5. e3
Nbd7 6. Bd3 Ne4 7. Nh4 e6 8. Nxf5 exf5 9. Nd2 Ndf6 10. Nxe4 fxe4 11. Be2 Bd6
12. Bxd6 Qxd6 13. O-O O-O 14. c4 Rad8 15. Qb3 Qb8 16. Rac1 Kh8 17. Rc2 Rd6 18.
Rfc1 Rfd8 19. a4 h6 20. cxd5 Nxd5 21. Bc4 f5 22. Bxd5 Rxd5 23. Qa3 R8d7 24. b4
Kh7 25. Qb3 g6 26. Rc5 Qd6 27. b5 Rxc5 28. Rxc5 Kg7 29. Qc4 Qd5 30. Rxd5 Rxd5
1-0

[Event "Ulm2007"]
[Site "Privat"]
[Date "2007.10.05"]
[Round "2"]
[White "Ziad, Amar"]
[Black "Goda, Frederic"]
[Result "0-1"]
[WhiteElo "1378"]
[BlackElo "1600"]
[Annotator "Goda,Frederic"]
[PlyCount "98"]
[EventDate "2007.??.??"]

{384MB, Fritz8.ctg, SCHACHCOMP} 1. e4 c5 2. Nf3 Nc6 3. d4 cxd4 4. Nxd4 Nf6 5.
Nc3 d6 6. Bc4 e5 7. Nf3 h6 8. h3 Be7 9. a3 a6 10. b4 O-O 11. Bb2 b5 12. Bb3 Bb7
13. Qd3 Qb6 14. Nd5 Nxd5 15. Bxd5 Rac8 16. c3 Bf6 17. Bc1 Ne7 18. Be3 Qc7 19.
Bxb7 Qxb7 20. O-O d5 21. Bc5 dxe4 22. Qe3 exf3 23. gxf3 Rfe8 24. Kh1 Nf5 25.
Qd3 Nh4 26. Qe4 Qxe4 27. fxe4 Nf3 28. Kg2 Nd2 29. Rfe1 Nb3 30. Rad1 Nxc5 31.
bxc5 Rxc5 32. Rd3 Rec8 33. Rc1 Bd8 34. Rd6 R5c6 35. Rd5 Ba5 36. a4 Rc5 37. axb5
axb5 38. Rcd1 Bxc3 39. Rxc5 Rxc5 40. Rd8+ Kh7 41. Rb8 b4 42. Kf1 Ra5 43. Ke2
Ra2+ 44. Kf1 Rb2 45. Rc8 Rb1+ 46. Ke2 Bd4 47. f3 b3 48. Kd3 b2 49. Rb8 Rc1 0-1

[Event "Ulm2007"]
[Site "Privat"]
[Date "2007.10.05"]
[Round "2"]
[White "Klein, Franz"]
[Black "Loos, Tobias"]
[Result "1-0"]
[WhiteElo "1574"]
[BlackElo "1352"]
[Annotator "Goda,Frederic"]
[PlyCount "55"]
[EventDate "2007.??.??"]

{384MB, Fritz8.ctg, SCHACHCOMP} 1. e4 e6 2. d4 d5 3. exd5 exd5 4. Bd3 Nf6 5.
Ne2 Bd6 6. O-O O-O 7. Bf4 Bg4 8. f3 Bh5 9. Nbc3 c6 10. Qd2 Bb4 11. a3 Ba5 12.
b4 Bb6 13. Na4 Nbd7 14. c3 a5 15. Bf5 axb4 16. axb4 Re8 17. Bg5 Ne5 18. Nxb6
Qxb6 19. Bxf6 Nc4 20. Rxa8 Rxa8 21. Qg5 Bg6 22. Bxg6 hxg6 23. Be7 Re8 24. Bc5
Qb5 25. Nf4 Nd2 26. Rd1 Re2 27. Nxe2 Qxe2 28. Qxd2 1-0

[Event "Ulm2007"]
[Site "Privat"]
[Date "2007.10.05"]
[Round "2"]
[White "Rissmann, Klaus"]
[Black "Pletz, Bernd"]
[Result "1-0"]
[WhiteElo "1494"]
[BlackElo "1311"]
[Annotator "Goda,Frederic"]
[PlyCount "67"]
[EventDate "2007.??.??"]

{384MB, Fritz8.ctg, SCHACHCOMP} 1. e4 e5 2. Nf3 Nc6 3. Bc4 Bc5 4. b4 Bxb4 5. c3
Ba5 6. Qb3 Qe7 7. O-O h6 8. d4 exd4 9. cxd4 Kd8 10. Bxf7 Nf6 11. e5 Rf8 12. Bg6
Ne8 13. Nbd2 Qb4 14. Ba3 Qxb3 15. Nxb3 Bb4 16. Bb2 Ne7 17. Nh4 Nd5 18. a3 Bc3
19. Rab1 Bxb2 20. Rxb2 d6 21. Na5 b6 22. Nc6+ Kd7 23. Rc1 Ne7 24. Nxe7 Kxe7 25.
Be4 Rb8 26. Ng6+ Kf7 27. Nxf8 Kxf8 28. Bc6 Ke7 29. Bxe8 Kxe8 30. Rxc7 dxe5 31.
dxe5 a5 32. Rxg7 b5 33. f4 Kf8 34. Rh7 1-0

[Event "Ulm2007"]
[Site "Privat"]
[Date "2007.10.05"]
[Round "2"]
[White "Huppertz, Anton"]
[Black "Förderreuther, Jonas"]
[Result "0-1"]
[WhiteElo "1316"]
[BlackElo "1493"]
[Annotator "Goda,Frederic"]
[PlyCount "72"]
[EventDate "2007.??.??"]

{384MB, Fritz8.ctg, SCHACHCOMP} 1. e4 c5 2. Nf3 d6 3. d4 cxd4 4. Nxd4 Nf6 5.
Nc3 g6 6. Be3 Bg7 7. Qd2 Ng4 8. Bd3 Nxe3 9. Qxe3 Nc6 10. Bb5 Bd7 11. Nxc6 bxc6
12. Be2 O-O 13. O-O e6 14. Rad1 d5 15. e5 Qc7 16. f4 Rfb8 17. b3 c5 18. Na4
Bxa4 19. bxa4 c4 20. Rb1 Qa5 21. Qc1 Qxa4 22. Bd1 Qxa2 23. Ra1 Qb2 24. Qxb2
Rxb2 25. Rf3 Bf8 26. Kf1 Bc5 27. g4 a5 28. f5 a4 29. fxe6 fxe6 30. Rf6 Ra6 31.
Ke2 a3 32. Kd2 a2 33. Bf3 Rb1 34. Rxa2 Rxa2 35. Rxe6 d4 36. Bd5 Bb4+ 0-1

[Event "Ulm2007"]
[Site "Privat"]
[Date "2007.10.05"]
[Round "2"]
[White "Hengstberger, Uli"]
[Black "Krapf, Katharina"]
[Result "1-0"]
[WhiteElo "1450"]
[BlackElo "1043"]
[Annotator "Goda,Frederic"]
[PlyCount "83"]
[EventDate "2007.??.??"]

{384MB, Fritz8.ctg, SCHACHCOMP} 1. d4 c5 2. d5 e6 3. dxe6 fxe6 4. Bf4 Nc6 5.
Nf3 d5 6. Nbd2 Nge7 7. e4 a6 8. c4 Ng6 9. Bg3 d4 10. Bd3 e5 11. a3 Be7 12. O-O
O-O 13. h3 Bd6 14. Nb3 Bd7 15. Qd2 Na7 16. Na5 b5 17. Nb7 Qb6 18. Nxd6 Qxd6 19.
Qg5 Qf6 20. Bxe5 Qxg5 21. Nxg5 Nxe5 22. Be2 h6 23. f4 hxg5 24. fxe5 Rae8 25.
Rxf8+ Kxf8 26. Rf1+ Kg8 27. Bh5 Rf8 28. Rc1 bxc4 29. Rxc4 Rc8 30. b4 cxb4 31.
Rxd4 Be6 32. axb4 Nb5 33. Rd2 Nc3 34. Bg6 Kf8 35. Rd6 Ke7 36. Rxa6 Rc4 37. Ra7+
Kf8 38. Ra6 Ke7 39. Bf5 Nxe4 40. Rxe6+ Kf7 41. Rb6 g6 42. Be6+ 1-0

[Event "Ulm2007"]
[Site "Privat"]
[Date "2007.10.12"]
[Round "2"]
[White "Smolny, Frieder"]
[Black "Wolf, Willi"]
[Result "1-0"]
[WhiteElo "1928"]
[BlackElo "1568"]
[Annotator "Goda,Frederic"]
[PlyCount "73"]
[EventDate "2007.??.??"]
[TimeControl "30/5400:0"]

{384MB, Fritz8.ctg, SCHACHCOMP} 1. Nf3 c5 2. c4 d6 3. d4 cxd4 4. Nxd4 Nf6 5. g3
g6 6. Bg2 Bg7 7. b3 O-O 8. Bb2 Qa5+ 9. Nc3 Nbd7 10. O-O Rb8 11. Rc1 Nc5 12. a3
Ne6 13. b4 Qd8 14. Nb3 Bd7 15. Qd2 Bc6 16. Nd5 Bxd5 17. cxd5 Nc7 18. Rc2 Qd7
19. Rfc1 Rfc8 20. Bh3 Qxh3 21. Bxf6 Bxf6 22. Rxc7 Rxc7 23. Rxc7 Qf5 24. Na5
Qb1+ 25. Kg2 Qe4+ 26. f3 Qe5 27. Nxb7 Qa1 28. Qd3 Bd4 29. e3 Bb6 30. Rxe7 Rc8
31. Nxd6 Rc3 32. Qb5 Qa2+ 33. Kh3 Rc2 34. Qe8+ Kg7 35. Qxf7+ Kh6 36. Qxh7+ Kg5
37. Qh4# 1-0

[Event "Ulm2007"]
[Site "Privat"]
[Date "2007.10.19"]
[Round "3"]
[White "Anistratov, Dimitrij"]
[Black "Gebhardt, Uwe"]
[Result "1-0"]
[WhiteElo "2314"]
[BlackElo "1995"]
[Annotator "Goda,Frederic"]
[PlyCount "63"]
[EventDate "2007.??.??"]
[TimeControl "30/5400:1800"]

{384MB, Fritz8.ctg, SCHACHCOMP} 1. e4 g6 2. d4 Bg7 3. Nc3 d6 4. Nf3 c6 5. a4
Nf6 6. h3 O-O 7. Be3 Na6 8. Be2 h6 9. O-O Nc7 10. Nd2 e5 11. dxe5 dxe5 12. Qc1
Ne6 13. Nc4 Kh7 14. Rd1 Qc7 15. a5 Nd4 16. Bf1 Nh5 17. Ne2 Nxe2+ 18. Bxe2 Nf4
19. Bf1 Be6 20. Bc5 Bxc4 21. Bxc4 Rfd8 22. Rxd8 Qxd8 23. Qe3 h5 24. Kh2 Bh6 25.
Qb3 Qd7 26. Bxf7 g5 27. Bc4 g4 28. hxg4 Qxg4 29. Qg3 Qd7 30. Qh4 Re8 {
[%emt 0:00:00]} 31. g3 Ne6 32. Bxe6 1-0

[Event "Ulm2007"]
[Site "Privat"]
[Date "2007.10.19"]
[Round "3"]
[White "Wolf, Rainer"]
[Black "Oberst, Thomas"]
[Result "1-0"]
[WhiteElo "1989"]
[BlackElo "2263"]
[Annotator "Goda,Frederic"]
[PlyCount "122"]
[EventDate "2007.??.??"]
[TimeControl "30/5400:1800"]

{384MB, Fritz8.ctg, SCHACHCOMP} 1. Nf3 Nf6 2. e3 g6 3. Be2 Bg7 4. O-O c5 5. d4
cxd4 6. exd4 d5 7. Ne5 O-O 8. Nd2 Bf5 9. g4 Bd7 10. f4 Nc6 11. Nxd7 Qxd7 12. c3
e6 13. Bf3 b5 14. a3 a5 15. Qe1 b4 16. Nb3 Qd6 17. axb4 axb4 18. Rxa8 Rxa8 19.
g5 Nd7 20. h4 bxc3 21. bxc3 Ne7 22. h5 Qb6 23. h6 Qxb3 24. hxg7 Kxg7 25. Bd1
Qb1 26. Bd2 Ra2 27. Rf2 Ra1 28. Rf1 Nf5 29. Bg4 Qb2 30. Qxa1 Qxd2 31. Qc1 Qe3+
32. Qxe3 Nxe3 33. Bxe6 fxe6 34. Re1 Nc4 35. Rxe6 Kf7 36. Ra6 Kg7 37. Kf2 Ncb6
38. Kg3 h5 39. Kh4 Nc4 40. Ra7 Ncb6 41. f5 gxf5 42. Kxh5 Kh7 43. Ra1 Nc4 44.
Re1 Nf8 45. Re7+ Kg8 46. g6 f4 47. Kh6 f3 48. Rg7+ Kh8 49. Rf7 Kg8 50. Rxf3 Nd6
51. Rf6 Ne4 52. Rc6 Nd2 53. Rc7 Nc4 54. Kg5 Nd2 55. Rc8 Kg7 56. Rc7+ Kg8 57.
Re7 Ne4+ 58. Kh6 Nf6 59. Rg7+ Kh8 60. Rf7 N8d7 61. Kg5 Ne4+ 1-0

[Event "Ulm2007"]
[Site "Privat"]
[Date "2007.10.19"]
[Round "3"]
[White "Rissmann, Uli"]
[Black "Sander, Luzia"]
[Result "1-0"]
[WhiteElo "2059"]
[BlackElo "1908"]
[Annotator "Goda,Frederic"]
[PlyCount "71"]
[EventDate "2007.??.??"]
[TimeControl "30/5400:1800"]

{384MB, Fritz8.ctg, SCHACHCOMP} 1. f4 d5 2. Nf3 Nf6 3. g3 c6 4. Bg2 Bf5 5. d3
Qb6 6. e3 Nbd7 7. Qe2 Bg4 8. h3 Bxf3 9. Bxf3 e5 10. Nc3 Bd6 11. O-O O-O-O 12.
Na4 Qa5 13. b3 Rde8 14. Bd2 Qc7 15. Qg2 h5 16. c4 e4 17. dxe4 dxe4 18. Be2 Qd8
19. b4 Qe7 20. c5 Bc7 21. b5 cxb5 22. Bxb5 a6 23. Bc4 Nb8 24. Qe2 Qd7 25. c6
Qxc6 26. Bb3 Qd7 27. Kg2 Qf5 28. Rac1 Re7 29. Rc5 Qh7 30. Rfc1 Kd8 31. Bb4 Qh6
32. Qc4 Ne8 33. Rd5+ Rd7 34. Qxe4 Nf6 35. Qe7+ Kc8 36. Nb6# 1-0

[Event "Ulm2007"]
[Site "Privat"]
[Date "2007.10.19"]
[Round "3"]
[White "Bühler, Jürgen"]
[Black "Maier, Arnd"]
[Result "0-1"]
[WhiteElo "1937"]
[BlackElo "2047"]
[Annotator "Goda,Frederic"]
[PlyCount "66"]
[EventDate "2007.??.??"]
[TimeControl "30/5400:1800"]

{384MB, Fritz8.ctg, SCHACHCOMP} 1. c4 c6 2. Nf3 d5 3. d4 Nf6 4. Nc3 a6 5. a4
Bf5 6. e3 Nbd7 7. Be2 h6 8. O-O e6 9. Bd2 Bd6 10. Rc1 O-O 11. Nh4 Bh7 12. f4
dxc4 13. Bxc4 c5 14. Nf3 Rc8 15. d5 Nb6 16. Qb3 exd5 17. Nxd5 Nbxd5 18. Bxd5
Nxd5 19. Qxd5 Qe7 20. Qh5 Rfd8 21. Rfe1 Be4 22. Bc3 Qe6 23. Nh4 Be7 24. f5 Qc6
25. Qg4 f6 26. Ng6 Re8 27. Nf4 Bf8 28. Nh5 Kh8 29. Ng3 Qxa4 30. Rcd1 Bc6 31.
Qg6 Red8 32. Rxd8 Rxd8 33. Nh5 Be8 0-1

[Event "Ulm2007"]
[Site "Privat"]
[Date "2007.10.19"]
[Round "3"]
[White "Hoffart, Alexander"]
[Black "Gallwitz, Helge"]
[Result "0-1"]
[WhiteElo "1955"]
[BlackElo "2070"]
[Annotator "Goda,Frederic"]
[PlyCount "82"]
[EventDate "2007.??.??"]
[TimeControl "30/5400:1800"]

{384MB, Fritz8.ctg, SCHACHCOMP} 1. e4 e5 2. Nf3 Nc6 3. d4 exd4 4. c3 dxc3 5.
Bc4 cxb2 6. Bxb2 d5 7. Bxd5 Nf6 8. Bxc6+ bxc6 9. Qc2 Bb4+ 10. Nc3 Ba6 11. Nd2
O-O 12. O-O-O Bd3 13. Qa4 Qe7 14. Qxc6 Rab8 15. Nc4 Bxc4 16. Qxc4 Ba3 17. Rd2
Rxb2 18. Rxb2 Rb8 19. Nd1 Qe5 20. Qc2 Qf4+ 21. Kb1 Bxb2 22. Nxb2 Nxe4 23. f3
Nf6 24. Rd1 Qxh2 25. Qb3 c5 26. Qd3 h5 27. Qd6 Qxd6 28. Rxd6 Rb6 29. Rd8+ Kh7
30. Rc8 Nd7 31. Rc7 Ne5 32. Kc2 Rg6 33. Rxc5 Rxg2+ 34. Kc3 Rxb2 35. Rxe5 Rxa2
36. Rxh5+ Kg6 37. Rh3 a5 38. Rg3+ Kf6 39. Kb3 Rf2 40. Ka4 Rb2 41. Kxa5 g5 0-1

[Event "Ulm2007"]
[Site "Privat"]
[Date "2007.10.19"]
[Round "3"]
[White "Schulze, Andreas"]
[Black "Lepschi, Albert"]
[Result "1-0"]
[WhiteElo "2146"]
[BlackElo "1713"]
[Annotator "Goda,Frederic"]
[PlyCount "47"]
[EventDate "2007.??.??"]
[TimeControl "30/5400:1800"]

{384MB, Fritz8.ctg, SCHACHCOMP} 1. e4 c6 2. Nc3 d5 3. Nf3 Bg4 4. h3 Bh5 5. exd5
cxd5 6. Bb5+ Nc6 7. g4 Bg6 8. Ne5 Rc8 9. d4 e6 10. Qe2 Be7 11. Bxc6+ bxc6 12.
Qa6 Bxc2 13. Nxc6 Qc7 14. Ne5 Nf6 15. Bf4 Qd8 16. Rc1 Bg6 17. O-O O-O 18. Nc6
Qd7 19. Nxe7+ Qxe7 20. Bd6 Qd7 21. Bxf8 Kxf8 22. Nb5 Rc4 23. Rxc4 dxc4 24. Qd6+
1-0

[Event "Ulm2007"]
[Site "Privat"]
[Date "2007.10.19"]
[Round "3"]
[White "Over, Klaus"]
[Black "Heinrich, Klaus"]
[Result "1/2-1/2"]
[WhiteElo "2000"]
[BlackElo "1806"]
[Annotator "Goda,Frederic"]
[PlyCount "74"]
[EventDate "2007.??.??"]
[TimeControl "30/5400:1800"]

{384MB, Fritz8.ctg, SCHACHCOMP} 1. d4 d5 2. Nf3 e6 3. g3 c6 4. Bg2 Bd6 5. O-O
Nd7 6. b3 Qe7 7. Bb2 f5 8. Nbd2 g5 9. c4 h5 10. h4 gxh4 11. gxh4 Nf8 12. Ne5
Qxh4 13. Qc2 Nh6 14. Ndf3 Qf6 15. cxd5 cxd5 16. Bc1 Rg8 17. Kh1 Ng4 18. Bf4
Bxe5 19. Bxe5 Nxe5 20. dxe5 Qe7 21. Rg1 Bd7 22. Qc7 Qb4 23. a3 Qb5 24. Nd4 Qa6
25. Bf3 Rg4 26. Bxg4 hxg4 27. Qc1 Qb6 28. Qb2 Ng6 29. e3 Kf7 30. Kg2 Bb5 31.
Qc3 Qa6 32. Rh1 Bc6 33. Kg3 Rc8 34. Qb4 f4+ 35. exf4 Qd3+ 36. f3 a5 37. Qd6
Nxf4 1/2-1/2

[Event "Ulm2007"]
[Site "Privat"]
[Date "2007.10.19"]
[Round "3"]
[White "Goda, Frederic"]
[Black "Lachmayer, Manfred"]
[Result "1/2-1/2"]
[WhiteElo "1600"]
[BlackElo "1900"]
[Annotator "Goda,Frederic"]
[PlyCount "111"]
[EventDate "2007.??.??"]
[TimeControl "30/5400:1800"]

{384MB, Fritz8.ctg, SCHACHCOMP} 1. d4 d5 2. Bf4 Nf6 3. e3 e6 4. Nf3 Be7 5. Bd3
Nbd7 6. Nbd2 c5 7. c3 c4 8. Bc2 Qb6 9. Rb1 Bd6 10. Ne5 Qc7 11. Nxd7 Bxd7 12.
Bxd6 Qxd6 13. Nf3 Bc6 14. Ne5 Nd7 15. Nxd7 Bxd7 16. Qh5 h6 17. Qe5 Qxe5 18.
dxe5 b5 19. a3 O-O 20. O-O a5 21. Ra1 g6 22. Rfd1 Bc6 23. Rd4 b4 24. g3 bxc3
25. bxc3 Rfb8 26. Rdd1 Rb2 27. Rdc1 Rab8 28. Kf1 Kg7 29. Ke1 f6 30. exf6+ Kxf6
31. Rab1 h5 32. Kd1 Bd7 33. Rxb2 Rxb2 34. Rb1 Rxb1+ 35. Bxb1 Ba4+ 36. Kd2 e5
37. f3 g5 38. h4 Bc6 39. hxg5+ Kxg5 40. Bc2 h4 41. f4+ Kg4 42. gxh4 e4 43. h5
Kxh5 44. Ke1 Bd7 45. Kf2 Kh4 46. Bd1 Be8 47. Bc2 Kg4 48. Bd1+ Kh4 49. Bc2 Bh5
50. Ba4 Bg4 51. Bc6 Be6 52. Ba4 Kg4 53. Bd1+ Kh4 54. Ba4 Kg4 55. Bc6 Kh4 56.
Ba4 1/2-1/2